000 00302nam a22001337a 4500
008 181217b xxu||||| |||| 00| 0 eng d
020 _a9780199546374
041 _aeng
080 _a101
100 _a34
101 _aFIL
245 _aPhilosophy In The Modern World
_cKenny.A
942 _2udc
_cBK
999 _c53164
_d53164